1641 1964 1073 1640 1572 1439 1891 1207 1111 1885 1114 1294 1245 1887 1748 1186 1233 1692 1044 1789 1103 1925 1057 1112 1756 1005 1393 1793 1391 1597 1017 1527 1934 1557 1551 1593 1573 1649 1650 1800 1759 1276 1104 1792 1748 1635 1170 1015 1382 1081 1919 1588 1192 1122 2000 1248 1726 1911 1592 1326 1089 1104 1124 1364 1694 1439 1121 1103 1264 1156 1146 1021 1928 1703 1634 1860 1992 1985 1085 1621 1795 1390 1086 1229 1719 1614 1790 1739 1567 1237 1471 1925 1061 1578 1257 1926 1259 1969 1810 BCNSPRNW ULIB Ver.6.0+V

เปลี่ยนเป็นภาษาไทย

Change to English
 แสดงรายละเอียดบรรณานุกรม
  กลับหน้าหลัก

Brief Record : Get Marc (ISO 2709) : E-mail record : QR code < ปิดหน้าต่าง
LEADER : 00000nam 2200000uu 4500
001    13399112557
003     ULIB
008    110824s2552||||th 000 0 tha d
020    9786169028307
090    นว.^bบ422ฮ 2552
100 0  บุญชรัสมิ์ สุขสว่าง
245 00 แฮร์รี่ พอตเตอร์ เรื่องราวของเด็กชายผู้รอดชีวิต/^cบุญชรัสมิ์ สุขสว่าง
250    พิมพ์ครั้งที่ 1
260    กรุงเทพฯ :^bอัลเลลูยาพับลิชชิ่ง,^c2552
300    213 หน้า
945    ^p140^l0^i026777
995    ทศพร
999     ^aใช้งานได้ทุกระบบ
รายการนี้ยังไม่มีแท็ก
คุณยังไม่ได้ล็อกอิน คุณสามารถมีกิจกรรมร่วมกับเว็บไซต์ได้ แต่ต้องล็อกอินก่อน ::
  ล็อกอิน

รายการสื่อสารสนเทศ

ลำดับที่ ประเภท เลขเรียก/บาร์โค้ด สถานที่ สถานะ
- ไม่พบข้อมูล -

BibComment


ยังไม่เคยถูกคอมเมนท์

คอมเมนท์ทรัพยากรรายการนี้
  คอมเมนท์: แฮร์รี่ พอตเตอร์ ..


 Copyright 2026. Bcnsprnw @Library